Participación de uniones temporales de proveedores, en el Sistema de Compras Públicas : estudio realizado en el periodo del 01 de agosto al 30 de noviembre de 2015 /

El sistema de compras públicas chileno, es administrado por la Dirección de ChileCompra, el cual el año 2013 cumplió una década de funcionamiento. En ese periodo, su crecimiento fue exponencial, ya que al año 2012 se tranzaron más de U$ 9.100 millones, nueve veces más que desde el inicio de su funci...

Full description

Bibliographic Details
Main Author: Aguilera Hueraleo, Yasmin
Other Authors: Vega Marín, Carolina, Sierra Valenzuela, Juan (profesor guía)
Format: Tesis
Language:Spanish
Published: Santiago, Chile Universidad Academia de Humanismo Cristiano 2016
Subjects:
Online Access:Disponible en línea (PDF). Biblioteca Digital UAHC.

MARC

LEADER 00000cam a2200000 a 4500
001 000299
003 UAHC_CL
005 20230314114741.0
008 170308s2017 cl 000 spa
040 |a UAHC_CL  |c UAHC_CL  |d UAHC_CL 
100 1 |a Aguilera Hueraleo, Yasmin 
245 1 0 |a Participación de uniones temporales de proveedores, en el Sistema de Compras Públicas :  |b estudio realizado en el periodo del 01 de agosto al 30 de noviembre de 2015 /  |c Yasmin Aguilera, Carolina Vega, profesor guía Juan Enrique Sierra. 
260 |b Universidad Academia de Humanismo Cristiano  |c 2016  |a Santiago, Chile 
300 |a 1 cd rom 
500 |a Tesis para optar al Grado de Licenciado en Gobierno y Gestión Pública. \Tesis para optar al Título de Administrador Público. 
502 |a Tesis (Sociólogo) -- Universidad Academia de Humanismo Cristiano, 2017. 
516 |a Tesis electrónica (PDF) 
520 |a El sistema de compras públicas chileno, es administrado por la Dirección de ChileCompra, el cual el año 2013 cumplió una década de funcionamiento. En ese periodo, su crecimiento fue exponencial, ya que al año 2012 se tranzaron más de U$ 9.100 millones, nueve veces más que desde el inicio de su funcionamiento. Obteniendo como resultado al año 2016 más de U$ $5300 millones de ahorro para el Estado, además de 850 organismos compradores y más de 120 mil proveedores ofreciendo sus servicios, de los cuales el 90% pertenece a pequeñas y medianas empresas. La evaluación del sistema es positivo, de hecho diferentes organismos internacionales lo ha identificado como ejemplo de buenas prácticas, innovación ya que ha logrado incorporar la tecnología a todos sus procesos posibilitando la participación y la transparencia en los diferentes procesos de adquisición. 
650 4 |a POLITICAS PUBLICAS 
650 4 |a GESTION PUBLICA 
650 4 |a COMPRAS 
653 |a ADMINISTRACION PUBLICA 
700 1 |a Vega Marín, Carolina 
700 1 |a Sierra Valenzuela, Juan  |e profesor guía 
856 |u http://bibliotecadigital.academia.cl/xmlui/handle/123456789/4008  |3 Disponible en línea (PDF). Biblioteca Digital UAHC.  |y Disponible en línea (PDF). Biblioteca Digital UAHC. 
900 |a TADPU 253 
942 |c TS 
999 |c 49668  |d 49668